00277nam a2200109Ia 4500008004100000041000800041082001600049100001500065245003100080250001000111260004600121230627s9999 xx 000 0 und d aeng a345.05bMIS aMisra S. N aCode Of Criminal Procedure a10ed. aAllahabadbCentral Law Publicationsc2001